Algoritmizácia : elementárny úvod /

Hlavní autor: Hvorecký, Jozef, 1946-
Jazyk: Slovenština
Vydáno: Bratislava : Alfa, 1983
Vydání: 1.vyd.
Edice: Epsilon
Témata:
Fyzický popis: 159 s.
Knihy
Uloženo v:
LEADER 00890nam a2200289 a 4500
001 000532507
003 CZ BrMZK
005 20190717132730.0
007 ta
008 000105s1983 xo e f slo d
040 |a BOA001  |b cze 
072 7 |a 510  |x Obecné úvahy o matematice  |2 Konspekt  |9 13 
080 |a 510.5  |2 MRF 
080 |a (035)  |2 MRF 
100 1 |a Hvorecký, Jozef,  |d 1946-  |7 jx20031130055  |4 aut 
245 1 0 |a Algoritmizácia :  |b elementárny úvod /  |c Jozef Hvorecký, Jozef Kelemen 
250 |a 1.vyd. 
260 |a Bratislava :  |b Alfa,  |c 1983 
300 |a 159 s. 
490 1 |a Epsilon 
504 |a Obsahuje bibliografii 
650 0 7 |a algoritmizace  |7 ph118348  |2 czenas 
655 7 |a příručky  |7 fd133209  |2 czenas 
830 0 |a Epsilon 
910 |a BOA001  |b 2-0863.777 
990 |a BK 
996 7 |b 2619368118  |c 2-0863.777  |l MZK  |r Sklad / do 1 hodiny  |n 0  |w 000532507  |u 000010  |a 1  |e BOA001  |j MZK50  |s A